Prioridades de conservación biológica para Colombia (Registro nro. 5259)
[ vista simple ]
| 000 -CABECERA | |
|---|---|
| Campo de control | 01039nam a2200265 a 4500 |
| 005 - FECHA Y HORA DE LA ULTIMA TRANSACCION | |
| Campo de control | 20200104041557.0 |
| 008 - ELEMENTOS DE LONGITUD FIJA—INFORMACION GENERAL | |
| Campo de control | 140319b2005 ck ||||| |||| 00| 0 spa d |
| 020 ## - ISBN | |
| ISBN | 9583380717 |
| 040 ## - FUENTE DE CATALOGACIÓN | |
| Agencia catalogadora original | CO-BoIAVH |
| Agencia transcriptora | CO-BoIAVH |
| 041 ## - IDIOMA | |
| Código de idioma para texto/pista de sonido o título separado | Español |
| 044 ## - PAÍS DE PUBLICACIÓN | |
| País de publicación | Colombia |
| 082 14 - NUMERO DE CLASIFICACION DECIMAL DEWEY | |
| Número de clasificación | 333.9516 |
| Número del ítem | F19p |
| 100 10 - ASIENTO PRINCIPAL--NOMBRE PERSONAL | |
| Nombre personal | Fandiño Lozano, Martha Teresa |
| Fechas asociadas con el nombre | 1958- |
| 9 (RLIN) | 89884 |
| 245 10 - MENCION DE TITULO | |
| Título | Prioridades de conservación biológica para Colombia |
| Mención de responsabilidad | Martha Fandiño Lozano, Willem Van Wyngaarden; prefacio, R. L. (Bob) Pressey |
| 250 ## - MENCION DE EDICION | |
| Mención de edición | 1a. ed. |
| 260 ## - PUBLICACION, DISTRIBUCION, ETC. (PIE DE IMPRENTA) | |
| Lugar de publicación, distribución, etc. | Bogotá: |
| Nombre del editor, distribuidor, etc. | Parques Nacionales Naturales, |
| -- | Ministerio de Ambiente, Vivienda y Desarrollo Territorial, |
| -- | Embajada del Reino de los Países Bajos, |
| Fecha de publicación, distribución, etc. | 2005. |
| 300 ## - DESCRIPCION FISICA | |
| Extensión | 186 p. |
| Otros detalles físicos | maps., diagrs. |
| Dimensiones | 26 cm. |
| Material acompañante | 2 mapas |
| 650 14 - ASIENTO SECUNDARIO DE MATERIA - TERMINO TEMATICO | |
| Término temático o nombre geográfico como elemento de entrada | Diversidad biológica |
| 9 (RLIN) | 89885 |
| 650 14 - ASIENTO SECUNDARIO DE MATERIA - TERMINO TEMATICO | |
| Término temático o nombre geográfico como elemento de entrada | Ecosistemas |
| 9 (RLIN) | 92256 |
| 650 14 - ASIENTO SECUNDARIO DE MATERIA - TERMINO TEMATICO | |
| Término temático o nombre geográfico como elemento de entrada | Protección del medio ambiente |
| 9 (RLIN) | 271 |
| 650 04 - ASIENTO SECUNDARIO DE MATERIA - TERMINO TEMATICO | |
| Término temático o nombre geográfico como elemento de entrada | Conservación de los recursos naturales |
| 9 (RLIN) | 89888 |
| 700 10 - ASIENTO SECUNDARIO - NOMBRE PERSONAL | |
| Nombre personal | Pressey, R.L. |
| 9 (RLIN) | 22794 |
| 700 10 - ASIENTO SECUNDARIO - NOMBRE PERSONAL | |
| Nombre personal | Wyngaarden, Willem van |
| 9 (RLIN) | 22795 |
| 942 ## - ELEMENTOS ADICIONALES (KOHA) | |
| Tipo de ítem | Libro |
| Sistema de clasificación | Dewey Decimal Classification |
| Withdrawn status | Lost status | Sistema de Clasificación | Damaged status | No para préstamo | Colección | Ubicación Permanente | Ubicación actual | Fecha de adquisición | Fuente de Valor | Total Checkouts | Número topográfico | Inventario / Código de Barras | Date last seen | Ejemplar | Price effective from | Forma de adquisición | Tipo de material | Public note | Total Renewals | Checked out | Date checked out |
|---|---|---|---|---|---|---|---|---|---|---|---|---|---|---|---|---|---|---|---|---|---|
| Dewey Decimal Classification | General | Bogotá | Bogotá | 06/03/2006 | Amazon | LB-333.9516 F19p | 023228 | 18/04/2013 | Ej.1 | 04/12/2012 | Donación | Libro | Incluye un sobre con mapa (CID-035501). | ||||||||
| Dewey Decimal Classification | General | Bogotá | Bogotá | 06/03/2006 | Amazon | 3 | LB-333.9516 F19p | 023229 | 09/04/2018 | Ej. 2 | 04/12/2012 | Donación | Libro | Incluye un sobre con mapa (CID-024510). | 2 | 30/04/2018 | 09/04/2018 |